Breeding plants resistant to insects. (Record no. 36301)
[ view plain ]
| 000 -LEADER | |
|---|---|
| fixed length control field | 00504nam a2200157Ia 4500 |
| 082 ## - DEWEY DECIMAL CLASSIFICATION NUMBER | |
| Classification number | 575:631.52:632.7 |
| Item number | MAX |
| 100 ## - MAIN ENTRY--AUTHOR NAME | |
| Personal name | JENNINGS, Peter R |
| 245 #0 - TITLE STATEMENT | |
| Title | Breeding plants resistant to insects. |
| 260 ## - PUBLICATION, DISTRIBUTION, ETC. (IMPRINT) | |
| Place of publication | New York |
| Name of publisher | John Wiley |
| Year of publication | 1980 |
| 490 ## - SERIES STATEMENT | |
| Series statement | Environmental science and technology: A wiley interscience series of texts and monographs |
| 650 ## - SUBJECT ADDED ENTRY--TOPICAL TERM | |
| Topical Term | Germplasm resources |
| 650 ## - SUBJECT ADDED ENTRY--TOPICAL TERM | |
| Topical Term | Plant breeding |
| 700 ## - ADDED ENTRY--PERSONAL NAME | |
| Personal name | MAXWELL, Fowden G |
| 942 ## - ADDED ENTRY ELEMENTS (KOHA) | |
| Koha item type | Books |
| Withdrawn status | Lost status | Damaged status | Not for loan | Home library | Current library | Date acquired | Full call number | Accession Number | Koha item type |
|---|---|---|---|---|---|---|---|---|---|
| RRII Library | RRII Library | 16/12/2021 | 575:631.52:632.7 MAX | 16710 | Books |